| 000 | 00878nam a22002537a 4500 | ||
|---|---|---|---|
| 005 | 20130724073114.0 | ||
| 008 | 130724b xxu||||| |||| 00| 0 spa d | ||
| 020 | _a9780595524419 (pbk) | ||
| 020 | _a0595524419 (pbk) | ||
| 041 | _aeng | ||
| 044 | _axxu | ||
| 082 |
_a333.95 _bS713w |
||
| 100 | 1 |
_aSorenson, John L. _9843 |
|
| 245 | 1 | 0 |
_aWorld trade and biological exchanges before 1492 _cJohn L. Sorenson and Carl L. Johannessen. |
| 260 |
_aNew York : _bBloomington, _bUniverse _cc2009 |
||
| 300 |
_aviii, 593 p. : _bil., _c23 cm. |
||
| 500 | _aCon dedicatoria original manuscrito por Carl L. Johannessen | ||
| 504 | _aIncluye referencias bibliográficas (p. 505-569) e índices. | ||
| 650 |
_abiogeografía _9844 |
||
| 650 |
_aDifusión de la cultura _9845 |
||
| 650 |
_abiodiversidad _954 |
||
| 700 | 1 |
_aJohannessen, Carl L. _q(Carl, Lewis) _9846 |
|
| 942 |
_2ddc _cIMPRESO |
||
| 999 |
_c7432 _d7432 |
||